Normal view
MARC view
- Ali, Syed Ishfaq
Entry Personal Name
001 - CONTROL NUMBER
- control field: 14401
003 - CONTROL NUMBER IDENTIFIER
- control field: NUST
005 - DATE AND TIME OF LATEST TRANSACTION
- control field: 20190516094228.0
008 - FIXED-LENGTH DATA ELEMENTS
- fixed length control field: 190516|| aca||aabn | a|a d
040 ## - CATALOGING SOURCE
- Original cataloging agency: NUST
- Transcribing agency: NUST
100 ## - HEADING--PERSONAL NAME
- Personal name: Ali, Syed Ishfaq
670 ## - SOURCE DATA FOUND
- Source citation: Work cat.: (NUST): Ali, Syed Ishfaq, Joy of Being /, 2014.
